[Event "Amapa-ch Etapa 3"]
[Site "Macapa"]
[Date "2020.10.04"]
[Round "4"]
[White "Cohen Farias, Paulo"]
[Black "Teles, Elder De Oliveira"]
[Result "1-0"]
[WhiteElo "2111"]
[BlackElo "1820"]
[PlyCount "63"]
[EventDate "2020.10.02"]
[EventType "swiss"]
[EventRounds "5"]
[EventCountry "BRA"]
[SourceTitle "EXT 2022"]
[Source "ChessBase"]
[SourceDate "2021.10.06"]
[SourceVersion "1"]
[SourceVersionDate "2021.10.06"]
[SourceQuality "1"]

1. c4 Nf6 2. Nc3 e5 3. g3 Be7 4. Bg2 Nc6 5. d3 d6 6. Nf3 Bg4 7. h3 Bh5 8. Qa4 0-0 9. 0-0 Nd4 10. g4 Bg6 11. Nxd4 exd4 12. Nb5 a6 13. Nxd4 Rb8 14. e4 Nd7 15. f4 Nc5 16. Qc2 h6 17. Be3 c6 18. Rad1 f6 19. b4 Nd7 20. Ne6 Qc8 21. Nxf8 Kxf8 22. g5 h5 23. f5 Bh7 24. Qe2 d5 25. a3 dxc4 26. dxc4 Ne5 27. Rc1 b5 28. cxb5 axb5 29. Bc5 Bxc5+ 30. Rxc5 Qa6 31. Qd2 Nc4 32. Rxc4 1-0

[Event "Amapa-ch Etapa 3"]
[Site "Macapa"]
[Date "2020.10.03"]
[Round "2"]
[White "Cohen Farias, Paulo"]
[Black "Pires, Enzo Luis Albuquerq"]
[Result "1-0"]
[WhiteElo "2111"]
[BlackElo "1488"]
[PlyCount "47"]
[EventDate "2020.10.02"]
[EventType "swiss"]
[EventRounds "5"]
[EventCountry "BRA"]
[SourceTitle "EXT 2022"]
[Source "ChessBase"]
[SourceDate "2021.10.06"]
[SourceVersion "1"]
[SourceVersionDate "2021.10.06"]
[SourceQuality "1"]

1. e4 e6 2. d4 b6 3. c4 Bb7 4. Nc3 Bb4 5. Bd3 f5 6. d5 fxe4 7. Bxe4 Qh4 8. Qe2 Nf6 9. Bf3 0-0 10. dxe6 Bxf3 11. Nxf3 Qg4 12. exd7 Nbxd7 13. 0-0 Bxc3 14. bxc3 Rae8 15. Be3 Nh5 16. Qd1 Ndf6 17. Nd4 Qh4 18. h3 c5 19. Nf5 Qxc4 20. Nd6 Qxc3 21. Nxe8 Rxe8 22. Qb3+ Qxb3 23. axb3 a5 24. g4 1-0

[Event "Amapa-ch Etapa 3"]
[Site "Macapa"]
[Date "2020.10.03"]
[Round "3"]
[White "Machado, Hualason Jose Soare"]
[Black "Cohen Farias, Paulo"]
[Result "1-0"]
[WhiteElo "2031"]
[BlackElo "2111"]
[PlyCount "51"]
[EventDate "2020.10.02"]
[EventType "swiss"]
[EventRounds "5"]
[EventCountry "BRA"]
[SourceTitle "EXT 2022"]
[Source "ChessBase"]
[SourceDate "2021.10.06"]
[SourceVersion "1"]
[SourceVersionDate "2021.10.06"]
[SourceQuality "1"]

1. d4 Nf6 2. Bf4 e6 3. e3 d5 4. Bd3 Bd6 5. Bg5 0-0 6. f4 Nbd7 7. Nd2 c5 8. c3 c4 9. Bc2 b5 10. a3 Bb7 11. Nh3 a5 12. 0-0 b4 13. Qf3 bxc3 14. bxc3 Bc6 15. Nxc4 Be7 16. Ne5 Rc8 17. c4 Nxe5 18. fxe5 Ne4 19. Bxe4 dxe4 20. Qg4 Bxg5 21. Nxg5 h6 22. Nh3 Rb8 23. Nf4 Bd7 24. h4 f5 25. exf6 Qxf6 26. Ng6 1-0

[Event "Amapa-ch 14th"]
[Site "Macapa"]
[Date "2019.12.21"]
[Round "3"]
[White "Da Silva Lima, Jerrinaldo"]
[Black "Cohen Farias, Paulo"]
[Result "0-1"]
[WhiteElo "1723"]
[BlackElo "2101"]
[PlyCount "101"]
[EventDate "2019.12.20"]
[EventType "tourn"]
[EventRounds "10"]
[EventCountry "BRA"]
[SourceTitle "EXT 2021"]
[Source "ChessBase"]
[SourceDate "2020.10.23"]
[SourceVersion "1"]
[SourceVersionDate "2020.10.23"]
[SourceQuality "1"]

1. d4 d5 2. c4 Bf5 3. Nc3 e6 4. Nf3 Bb4 5. Qb3 Nc6 6. Bg5 Nge7 7. e3 a5 8. a3 a4 9. Qa2 Bxc3+ 10. bxc3 f6 11. Bf4 Na5 12. Nd2 h5 13. h3 g5 14. Bh2 c6 15. Qb2 0-0 16. c5 Bg6 17. Bd6 Re8 18. Be2 b5 19. 0-0 Nf5 20. Bh2 Qd7 21. e4 Ng7 22. f3 f5 23. Bd3 f4 24. Qc2 Nc4 25. Bxc4 bxc4 26. Rab1 e5 27. Rb4 exd4 28. cxd4 dxe4 29. Qxc4+ Bf7 30. Qc3 exf3 31. Nxf3 Qf5 32. Ne5 Bd5 33. Rfb1 Ne6 34. Rb7 Qe4 35. Nf3 Qf5 36. Re1 Rab8 37. Qb4 Rxb7 38. Qxb7 Bxf3 39. gxf3 Qd5 40. Re4 Rd8 41. Qe7 Nxd4 42. Kh1 Nxf3 43. Qe6+ Qxe6 44. Rxe6 Rd1+ 45. Kg2 Nh4+ 46. Kf2 Rd2+ 47. Re2 Rxe2+ 48. Kxe2 Kf7 49. Kd3 Nf3 50. Bxf4 gxf4 51. Ke4 0-1

[Event "Macapa Franco Memorial 7th"]
[Site "Macapa"]
[Date "2019.09.13"]
[Round "1"]
[White "Cohen Farias, Paulo"]
[Black "De Vilhena, Cleriston Mubarak T"]
[Result "1-0"]
[WhiteElo "2131"]
[BlackElo "1656"]
[PlyCount "56"]
[EventDate "2019.09.13"]
[EventType "swiss"]
[EventRounds "6"]
[EventCountry "BRA"]
[SourceTitle "EXT 2020"]
[Source "ChessBase"]
[SourceDate "2019.10.17"]
[SourceVersion "1"]
[SourceVersionDate "2019.10.17"]
[SourceQuality "1"]

1. e4 c5 2. Nf3 d6 3. d4 cxd4 4. Nxd4 Nf6 5. Nc3 a6 6. Bg5 Nbd7 7. f4 e6 8. Qf3 Qc7 9. 0-0-0 b5 10. Bd3 Bb7 11. Rhe1 Be7 12. Qg3 0-0 13. e5 dxe5 14. fxe5 Nh5 15. Qh4 Bxg5+ 16. Qxg5 g6 17. g4 Ng7 18. Re3 b4 19. Nce2 Rfd8 20. Qh6 Nxe5 21. Rh3 Nxd3+ 22. Rdxd3 Rac8 23. Qxh7+ Kf8 24. Qh8+ Ke7 25. Qxg7 Be4 26. Rd2 e5 27. g5 Rxd4 28. Nxd4 Qb6 1-0

[Event "Macapa IFAP op 3rd"]
[Site "Macapa"]
[Date "2019.08.04"]
[Round "4"]
[White "Cohen Farias, Paulo"]
[Black "Cubas, Jose Fernando"]
[Result "0-1"]
[WhiteElo "2134"]
[BlackElo "2485"]
[PlyCount "76"]
[EventDate "2019.08.02"]
[EventType "swiss"]
[EventRounds "5"]
[EventCountry "BRA"]
[SourceTitle "EXT 2020"]
[Source "ChessBase"]
[SourceDate "2019.10.17"]
[SourceVersion "1"]
[SourceVersionDate "2019.10.17"]
[SourceQuality "1"]

1. e4 c5 2. Nf3 d6 3. d4 cxd4 4. Nxd4 Nf6 5. Nc3 a6 6. Bg5 e6 7. f4 Nc6 8. Qd2 h6 9. Bxf6 Qxf6 10. Nb3 g5 11. f5 g4 12. 0-0-0 Qg5 13. Qxg5 hxg5 14. fxe6 fxe6 15. Na4 b5 16. Nb6 Rb8 17. Nxc8 Rxc8 18. Nd4 Nxd4 19. Rxd4 g3 20. h3 g4 21. e5 gxh3 22. exd6 Kd7 23. gxh3 Bh6+ 24. Kd1 Rhf8 25. Rg4 Rf2 26. Be2 Bf4 27. Rf1 Rxf1+ 28. Bxf1 Be5 29. a4 Rf8 30. Ke1 bxa4 31. Bxa6 Bxb2 32. Rxg3 a3 33. Bb5+ Kxd6 34. Bc4 e5 35. Ke2 Rf5 36. Bb3 e4 37. h4 Bf6 38. Ba4 a2 0-1

[Event "Macapa IFAP op 3rd"]
[Site "Macapa"]
[Date "2019.08.02"]
[Round "1"]
[White "Quaresma, Givanildo Ribeiro"]
[Black "Cohen Farias, Paulo"]
[Result "0-1"]
[WhiteElo "1588"]
[BlackElo "2134"]
[PlyCount "88"]
[EventDate "2019.08.02"]
[EventType "swiss"]
[EventRounds "5"]
[EventCountry "BRA"]
[SourceTitle "EXT 2020"]
[Source "ChessBase"]
[SourceDate "2019.10.17"]
[SourceVersion "1"]
[SourceVersionDate "2019.10.17"]
[SourceQuality "1"]

1. e4 c5 2. Nf3 a6 3. d4 cxd4 4. Nxd4 e5 5. Nf3 Nf6 6. Bg5 Qb6 7. Bxf6 Qxf6 8. Bc4 Nc6 9. 0-0 d6 10. h3 Be7 11. Nc3 Qg6 12. Kh2 0-0 13. a3 Kh8 14. Qd3 f5 15. Bd5 Qh6 16. Qc4 Bd7 17. Rh1 Rac8 18. Qd3 Qf4+ 19. g3 Qh6 20. Kg2 Qg6 21. Rad1 Nd8 22. Kf1 b5 23. Ke2 Ne6 24. Rdg1 Nc5 25. Qe3 fxe4 26. Nh4 Qh5+ 27. Ke1 Bxh4 28. gxh4 Qxh4 29. Rg3 Rf4 30. Rhg1 g6 31. Ba2 Rcf8 32. b4 Rf3 33. Qe2 Rxf2 34. Qxf2 Rxf2 35. Kxf2 Qf4+ 36. Ke2 Ne6 37. Kd1 Nd4 38. Nd5 Qf2 39. R1g2 Qf1+ 40. Kd2 Qa1 41. Nc3 Nf3+ 42. Rxf3 exf3 43. Rf2 e4 44. h4 e3+ 0-1

[Event "Macapa Oiapoque Amapa 1st"]
[Site "Macapa"]
[Date "2018.09.29"]
[Round "3.1"]
[White "Soares, Maykon Anderson De"]
[Black "Cohen Farias, Paulo"]
[Result "0-1"]
[WhiteElo "1559"]
[BlackElo "2131"]
[PlyCount "58"]
[EventDate "2018.09.28"]
[EventType "swiss"]
[EventRounds "6"]
[EventCountry "BRA"]
[SourceTitle "EXT 2022"]
[Source "ChessBase"]
[SourceDate "2021.10.06"]
[SourceVersion "1"]
[SourceVersionDate "2021.10.06"]
[SourceQuality "1"]

1. c4 Nf6 2. Nc3 e6 3. g3 d5 4. d3 dxc4 5. dxc4 Qxd1+ 6. Nxd1 Bd7 7. Bg2 Bc6 8. Bxc6+ Nxc6 9. Nc3 Nd4 10. Rb1 0-0-0 11. Nf3 Bb4 12. Nxd4 Rxd4 13. Be3 Rxc4 14. 0-0 Bxc3 15. bxc3 Nd5 16. Bd4 f6 17. f4 Nxc3 18. Bxc3 Rxc3 19. Rfd1 Rd8 20. Rxd8+ Kxd8 21. Rxb7 a5 22. Rb2 c5 23. Rb5 a4 24. Ra5 Ra3 25. Rxc5 Rxa2 26. Kf2 a3 27. Ra5 Ra1 28. h4 a2 29. e4 Rh1 0-1

[Event "Belem op 2nd"]
[Site "Belem"]
[Date "2017.07.09"]
[Round "5"]
[White "Cohen Farias, Paulo"]
[Black "Veiga, Emerson de Sousa"]
[Result "1/2-1/2"]
[WhiteElo "2164"]
[BlackElo "2102"]
[PlyCount "36"]
[EventDate "2017.07.07"]
[EventType "swiss"]
[EventRounds "6"]
[EventCountry "BRA"]
[SourceTitle "EXT 2018"]
[Source "ChessBase"]
[SourceDate "2017.10.13"]
[SourceVersion "1"]
[SourceVersionDate "2017.10.13"]
[SourceQuality "1"]

1. e4 c5 2. Nf3 d6 3. d4 cxd4 4. Nxd4 Nf6 5. Nc3 a6 6. Rg1 e6 7. g4 Qc7 8. Rg3 b5 9. g5 Nfd7 10. f4 Bb7 11. f5 e5 12. Nb3 b4 13. Nd5 Bxd5 14. Qxd5 Nb6 15. Qd1 N8d7 16. c3 a5 17. cxb4 axb4 18. Bb5 Qb7 1/2-1/2

[Event "Belem FEXPA U2200 op 1st"]
[Site "Belem"]
[Date "2017.05.21"]
[Round "5"]
[White "Assis da Costa, Waldiney"]
[Black "Cohen Farias, Paulo"]
[Result "0-1"]
[WhiteElo "1665"]
[BlackElo "2185"]
[PlyCount "106"]
[EventDate "2017.05.19"]
[EventType "swiss"]
[EventRounds "6"]
[EventCountry "BRA"]
[SourceTitle "EXT 2018"]
[Source "ChessBase"]
[SourceDate "2017.10.13"]
[SourceVersion "1"]
[SourceVersionDate "2017.10.13"]
[SourceQuality "1"]

1. e4 c5 2. Nf3 Nc6 3. d4 cxd4 4. Nxd4 Nf6 5. Nc3 e5 6. Nb3 Be7 7. Be2 0-0 8. 0-0 d6 9. Be3 Be6 10. f3 d5 11. exd5 Nxd5 12. Nxd5 Bxd5 13. Bd3 Nb4 14. Be2 Be6 15. c3 Nd5 16. Bf2 Qc7 17. Re1 Rfd8 18. Qc2 Nf4 19. Bf1 f6 20. Rad1 a6 21. Be3 Nd5 22. Bf2 g6 23. Rd2 Bf5 24. Bd3 Bxd3 25. Rxd3 Nb4 26. Rxd8+ Rxd8 27. Qe2 Nd3 28. Rd1 Nxb2 29. Rxd8+ Qxd8 30. Be3 Qd1+ 31. Qxd1 Nxd1 32. Bd2 Ba3 33. Kf1 Nb2 34. Ke2 Nc4 35. Be1 Kf7 36. Kd3 b5 37. Bf2 Ke6 38. Bc5 Kd5 39. Bxa3 Nxa3 40. Nd2 f5 41. h3 Nc4 42. Nf1 e4+ 43. fxe4+ fxe4+ 44. Ke2 Ke5 45. g3 g5 46. Nh2 h5 47. Nf1 h4 48. Kf2 Kf5 49. gxh4 gxh4 50. Nh2 Kf4 51. Nf1 e3+ 52. Ke2 a5 53. a3 Nxa3 0-1

[Event "Belem FEXPA U2200 op 1st"]
[Site "Belem"]
[Date "2017.05.19"]
[Round "1"]
[White "Silva e Silva, Danilo Augusto"]
[Black "Cohen Farias, Paulo"]
[Result "0-1"]
[WhiteElo "1712"]
[BlackElo "2185"]
[PlyCount "52"]
[EventDate "2017.05.19"]
[EventType "swiss"]
[EventRounds "6"]
[EventCountry "BRA"]
[SourceTitle "EXT 2018"]
[Source "ChessBase"]
[SourceDate "2017.10.13"]
[SourceVersion "1"]
[SourceVersionDate "2017.10.13"]
[SourceQuality "1"]

1. e4 c5 2. Nf3 d6 3. c3 Nf6 4. Qc2 e6 5. d4 cxd4 6. cxd4 Nc6 7. Nc3 Qb6 8. Bb5 Bd7 9. Be3 Ng4 10. 0-0 Nxe3 11. fxe3 Be7 12. a3 0-0 13. Bd3 Rac8 14. Rae1 Qa5 15. e5 h6 16. exd6 Bxd6 17. Rc1 e5 18. d5 Ne7 19. Qd2 f5 20. e4 f4 21. Ne2 Qb6+ 22. Kh1 g5 23. g3 Bh3 24. Rxc8 Rxc8 25. Rc1 Qf2 26. Rxc8+ Nxc8 0-1

[Event "Parauapebas Paraense-ch"]
[Site "Parauapebas"]
[Date "2015.11.21"]
[Round "4"]
[White "Veiga, Emerson de Sousa"]
[Black "Cohen Farias, Paulo"]
[Result "1/2-1/2"]
[WhiteElo "2083"]
[BlackElo "2190"]
[PlyCount "42"]
[EventDate "2015.11.20"]
[EventType "swiss"]
[EventRounds "6"]
[EventCountry "BRA"]
[SourceTitle "CBM 169 Extra"]
[Source "ChessBase"]
[SourceDate "2015.12.18"]
[SourceVersion "1"]
[SourceVersionDate "2015.12.18"]
[SourceQuality "1"]

1. d4 Nf6 2. Nf3 e6 3. g3 d5 4. Bg2 c6 5. c4 dxc4 6. 0-0 b5 7. a4 Bb7 8. Bg5 Be7 9. Ne5 Qb6 10. b3 cxb3 11. a5 Qc7 12. Qxb3 a6 13. Nd2 0-0 14. Rfc1 Nd5 15. Bxe7 Qxe7 16. Ne4 Nd7 17. Nxc6 Bxc6 18. Rxc6 Nb4 19. Rc7 Nd5 20. Rc6 Nb4 21. Rc7 Nd5 1/2-1/2

[Event "Parauapebas Paraense-ch"]
[Site "Parauapebas"]
[Date "2015.11.20"]
[Round "1"]
[White "Cohen Farias, Paulo"]
[Black "Leao, Flavio Sanchez"]
[Result "1-0"]
[WhiteElo "2190"]
[BlackElo "1847"]
[PlyCount "29"]
[EventDate "2015.11.20"]
[EventType "swiss"]
[EventRounds "6"]
[EventCountry "BRA"]
[SourceTitle "CBM 169 Extra"]
[Source "ChessBase"]
[SourceDate "2015.12.18"]
[SourceVersion "1"]
[SourceVersionDate "2015.12.18"]
[SourceQuality "1"]

1. d4 Nf6 2. c4 g6 3. Nc3 Bg7 4. e4 d6 5. f3 0-0 6. Be3 Nbd7 7. Qd2 e5 8. Nge2 a6 9. 0-0-0 Rb8 10. g4 exd4 11. Nxd4 Ne5 12. Qg2 c5 13. Nb3 Nxf3 14. g5 Ng4 15. Qxf3 1-0

[Event "Parauapebas Paraense-ch"]
[Site "Parauapebas"]
[Date "2015.11.20"]
[Round "2"]
[White "Robinson, Malcolm"]
[Black "Cohen Farias, Paulo"]
[Result "0-1"]
[WhiteElo "1865"]
[BlackElo "2190"]
[PlyCount "104"]
[EventDate "2015.11.20"]
[EventType "swiss"]
[EventRounds "6"]
[EventCountry "BRA"]
[SourceTitle "CBM 169 Extra"]
[Source "ChessBase"]
[SourceDate "2015.12.18"]
[SourceVersion "1"]
[SourceVersionDate "2015.12.18"]
[SourceQuality "1"]

1. Nf3 d6 2. c4 Nf6 3. Nc3 c5 4. d4 cxd4 5. Nxd4 g6 6. g3 Bg7 7. Bg2 0-0 8. b3 a6 9. Bb2 Nbd7 10. 0-0 h5 11. h3 Ne5 12. f4 Nc6 13. Nxc6 bxc6 14. e4 Nd7 15. Qd2 Nc5 16. Kh2 Qc7 17. Rac1 a5 18. Rcd1 Bh6 19. Qd4 Kh7 20. e5 Rd8 21. exd6 exd6 22. Nb5 cxb5 23. Bxa8 Ne6 24. Qf2 h4 25. f5 hxg3+ 26. Qxg3 gxf5 27. Rxf5 Rg8 28. Qd3 Rg6 29. Rdf1 Ng5 30. h4 bxc4 31. bxc4 Bxf5 32. Qxf5 d5+ 33. Be5 Qxc4 34. Bg3 Ne4 35. Bxd5 Qe2+ 36. Bf2 Nxf2 37. Rxf2 Qe1 38. Bg2 Bg7 39. h5 Qe5+ 40. Qxe5 Bxe5+ 41. Kh3 Rg3+ 42. Kh4 f6 43. Be4+ Kh8 44. Rxf6 Re3 45. Rh6+ Kg7 46. Rg6+ Kf7 47. Bd5+ Ke7 48. Kg4 Bd4 49. h6 Re2 50. Kf5 Re5+ 51. Kf4 Rxd5 52. Ke4 Rd8 0-1

[Event "Santarem Regional Norte"]
[Site "Santarem"]
[Date "2015.09.05"]
[Round "1.2"]
[White "Cohen Farias, Paulo"]
[Black "Presa, Luis Alberto Passos"]
[Result "1-0"]
[WhiteElo "2198"]
[BlackElo "1684"]
[PlyCount "45"]
[EventDate "2015.09.05"]
[EventType "swiss"]
[EventRounds "6"]
[EventCountry "BRA"]
[SourceTitle "EXT 2022"]
[Source "ChessBase"]
[SourceDate "2021.10.06"]
[SourceVersion "1"]
[SourceVersionDate "2021.10.06"]
[SourceQuality "1"]

1. e4 c6 2. d4 d5 3. Nc3 dxe4 4. Nxe4 Bf5 5. Ng3 Bg6 6. f4 e6 7. Nf3 Nf6 8. Bd3 Bxd3 9. Qxd3 g6 10. 0-0 Bg7 11. f5 gxf5 12. Bg5 Nbd7 13. Nh5 Rg8 14. Rae1 Qa5 15. Nxf6+ Bxf6 16. Bxf6 Nxf6 17. b4 Qxb4 18. Qxf5 Qe7 19. Qa5 b6 20. Qa4 Rc8 21. c4 Kf8 22. Ne5 Rg7 23. Rxf6 1-0

[Event "Paraense-ch"]
[Site "Belem"]
[Date "2015.08.09"]
[Round "5"]
[White "Cohen Farias, Paulo"]
[Black "Veiga, Emerson de Sousa"]
[Result "1-0"]
[WhiteElo "2225"]
[BlackElo "2105"]
[PlyCount "101"]
[EventDate "2015.08.07"]
[EventType "swiss"]
[EventRounds "6"]
[EventCountry "BRA"]
[SourceTitle "EXT 2016"]
[Source "ChessBase"]
[SourceDate "2015.10.08"]
[SourceVersion "1"]
[SourceVersionDate "2015.10.08"]
[SourceQuality "1"]

1. e4 c5 2. Nf3 d6 3. d4 cxd4 4. Nxd4 Nf6 5. Nc3 a6 6. Bg5 Nbd7 7. f4 Qb6 8. a3 h6 9. Bh4 Nc5 10. Bxf6 gxf6 11. b4 Ne6 12. Nde2 Nc7 13. Qd4 Qxd4 14. Nxd4 Bg7 15. f5 Bd7 16. Bc4 Rc8 17. Bb3 h5 18. Ke2 Bh6 19. g3 0-0 20. h4 Nb5 21. Ndxb5 Bxb5+ 22. Nxb5 axb5 23. Rhd1 Rc3 24. Rd3 Rfc8 25. a4 bxa4 26. Rxa4 Rxd3 27. Kxd3 Bc1 28. c4 Bb2 29. Ra2 Be5 30. Bd1 Kf8 31. g4 hxg4 32. Bxg4 b5 33. Rc2 bxc4+ 34. Rxc4 Ra8 35. h5 Ke8 36. Rc1 Kd7 37. Bd1 Ra3+ 38. Kc4 Kc6 39. b5+ Kb7 40. Bb3 Bf4 41. Rh1 Kb6 42. h6 Ra8 43. h7 Rh8 44. Kd4 Kxb5 45. Bxf7 Kc6 46. Kc4 Kd7 47. Kd5 Be5 48. Bg8 Ke8 49. Ke6 Kf8 50. Rg1 Bf4 51. Rg6 1-0

[Event "Cuiaba Contaud op"]
[Site "Cuiaba"]
[Date "2015.08.02"]
[Round "5"]
[White "Mekhitarian, Krikor Sevag"]
[Black "Cohen Farias, Paulo"]
[Result "1-0"]
[WhiteElo "2589"]
[BlackElo "2225"]
[PlyCount "51"]
[EventDate "2015.07.31"]
[EventType "swiss"]
[EventRounds "6"]
[EventCountry "BRA"]
[SourceTitle "EXT 2016"]
[Source "ChessBase"]
[SourceDate "2015.10.08"]
[SourceVersion "1"]
[SourceVersionDate "2015.10.08"]
[SourceQuality "1"]

1. e4 c5 2. Nf3 d6 3. d4 cxd4 4. Nxd4 Nf6 5. Nc3 a6 6. Be3 e5 7. Nb3 Be6 8. f3 d5 9. exd5 Nxd5 10. Nxd5 Qxd5 11. Qxd5 Bxd5 12. 0-0-0 Be6 13. Nc5 Bxc5 14. Bxc5 f6 15. Rd6 Kf7 16. Rb6 Bd5 17. Be3 Nd7 18. Rd6 Be6 19. Bc4 Bxc4 20. Rxd7+ Kg6 21. Rxb7 h5 22. b3 Be6 23. Rd1 Bf5 24. Rb6 Rhc8 25. c4 a5 26. a4 1-0

[Event "Cuiaba Contaud op"]
[Site "Cuiaba"]
[Date "2015.07.31"]
[Round "2"]
[White "Cohen Farias, Paulo"]
[Black "Moyses Sobrinho, Elias"]
[Result "1/2-1/2"]
[WhiteElo "2225"]
[BlackElo "1941"]
[PlyCount "72"]
[EventDate "2015.07.31"]
[EventType "swiss"]
[EventRounds "6"]
[EventCountry "BRA"]
[SourceTitle "EXT 2016"]
[Source "ChessBase"]
[SourceDate "2015.10.08"]
[SourceVersion "1"]
[SourceVersionDate "2015.10.08"]
[SourceQuality "1"]

1. e4 Nf6 2. e5 Nd5 3. Nf3 d6 4. Bc4 c6 5. 0-0 Bg4 6. exd6 e6 7. h3 Bh5 8. d4 Bxd6 9. Nbd2 0-0 10. Ne4 Nf6 11. Nxd6 Qxd6 12. Be2 Nbd7 13. Bg5 h6 14. Bh4 Ne4 15. Bd3 Qf4 16. Bxe4 Qxe4 17. Re1 Bxf3 18. Rxe4 Bxd1 19. Rxd1 g5 20. Bg3 Nf6 21. Re2 Rad8 22. Rde1 Nh5 23. Be5 f6 24. Bh2 Rxd4 25. Rxe6 Rd2 26. g4 Ng7 27. R6e2 Rfd8 28. Bc7 Rxe2 29. Rxe2 Rd7 30. Ba5 Kf7 31. Bd2 Ne6 32. Be3 Nd4 33. Bxd4 Rxd4 34. Re3 Rd2 35. Rb3 b6 36. Rc3 c5 1/2-1/2

[Event "Belem Leao Memorial"]
[Site "Belem"]
[Date "2015.06.05"]
[Round "2"]
[White "Cunha, Adriano de Jesus Si"]
[Black "Cohen Farias, Paulo"]
[Result "1/2-1/2"]
[WhiteElo "1990"]
[BlackElo "2261"]
[PlyCount "107"]
[EventDate "2015.06.05"]
[EventType "swiss"]
[EventRounds "6"]
[EventCountry "BRA"]
[SourceTitle "EXT 2016"]
[Source "ChessBase"]
[SourceDate "2015.10.08"]
[SourceVersion "1"]
[SourceVersionDate "2015.10.08"]
[SourceQuality "1"]

1. d4 Nf6 2. Nf3 e6 3. g3 d5 4. Bg2 Be7 5. 0-0 0-0 6. c4 c6 7. b3 Nbd7 8. Bb2 Ne4 9. Nbd2 Nxd2 10. Nxd2 Nf6 11. Qc2 Bd7 12. Bf3 Rc8 13. c5 b6 14. b4 a5 15. a3 axb4 16. axb4 bxc5 17. bxc5 Ra8 18. Bc3 Qc7 19. Ra4 Rxa4 20. Qxa4 Rb8 21. Ra1 Be8 22. e3 e5 23. Qa5 Qxa5 24. Rxa5 exd4 25. exd4 Nd7 26. Bg4 Nf8 27. Kf1 g6 28. Ke2 g5 29. Bh3 Ne6 30. f4 Bf6 31. Kd3 Bd8 32. Ra1 Bf6 33. Rb1 Ra8 34. Nb3 Ra3 35. Kc2 Bd7 36. Kb2 Ra8 37. Ra1 Rb8 38. Kc2 Be8 39. Ra7 h6 40. Ra6 Nc7 41. Rb6 Ra8 42. Bf1 Ra2+ 43. Bb2 Ne6 44. Ra6 Nxd4+ 45. Nxd4 Rxb2+ 46. Kxb2 Bxd4+ 47. Kb3 Bxc5 48. Ra2 Bd4 49. Rd2 Bb6 50. Bg2 Kg7 51. Bf1 f6 52. Bd3 c5 53. Bf1 Bf7 54. Ka4 1/2-1/2